The Relationship of the Economy and the Healthcare System in Hungary

Bibliográfiai részletek
Szerző: Horváth Ábel Jakab
További közreműködők: Papp Judit
Dokumentumtípus: Diplomadolgozat
Kulcsszavak:Health
Healthcare
Research
Economy
Relationship
Online Access:http://dolgozattar.uni-bge.hu/2859

MARC

LEADER 00000nta a2200000 i 4500
001 dolg2859
005 20180226104358.0
008 150513suuuu hu om 000 eng d
040 |a BGE Dolgozattár Repozitórium  |b hun 
041 |a en 
100 1 |a Horváth Ábel Jakab 
245 1 4 |a The Relationship of the Economy and the Healthcare System in Hungary  |c Horváth Ábel Jakab  |h [elektronikus dokumentum] 
246 1 1 |a A gazdaság és az egészségügy kapcsolata Magyarországon 
246 1 1 |a The Relationship of the Economy and the Healthcare System in Hungary 
695 |a Health 
695 |a Healthcare 
695 |a Research 
695 |a Economy 
695 |a Relationship 
700 1 |a Papp Judit  |e ths 
856 4 0 |u http://dolgozattar.uni-bge.hu/2859/1/The%20Relationship%20of%20the%20Economy%20and%20the%20Healthcare%20System%20in%20Hungary.pdf  |z Dokumentum-elérés